[Event "Tourn. n8985"]
[Site "www.chess-mail.com"]
[Date "2016.10.11"]
[Round "1"]
[White "Osopanda"]
[Black "Norlavuaram"]
[WhiteElo "2050"]
[BlackElo "2200"]
[Result "0-1"]
[Round "1"]
1.Ng1f3 Ng8f6
2.c4 g6
3.Nb1c3 Bf8g7
4.d4 O-O
5.e4 d6
6.Bf1d3 e5
7.O-O Nb8c6
8.Bd3e2 a6
9.d5 Nc6e7
10.h3 Nf6e8
11.Bc1e3 f5
12.exf5 gxf5
13.Be3g5 Ne8f6
14.Rf1e1 h6
15.Bg5xf6 Rf8xf6
16.Be2f1 Ne7g6
17.Qd1b3 Kh8
18.Ra1d1 e4
19.Nf3h2 Ng6e5
20.f3 exf3
21.Nh2xf3 Ne5xf3
22.gxf3 Rf6g6
23.Kh2 Qd8h4
24.Qb3c2 Qh4g3
{ resign }
0-1

[Event "Tourn. n8992"]
[Site "www.chess-mail.com"]
[Date "2016.10.11"]
[Round "1"]
[White "Seger"]
[Black "Frisker"]
[WhiteElo "2780"]
[BlackElo "2340"]
[Result "1-0"]
[Round "1"]
1.e4 e6
2.d4 d5
3.exd5 Qd8xd5
4.Ng1f3 Bf8b4
5.c3 Bb4e7
6.c4 Be7b4
7.Nb1c3 Bb4xc3
8.bxc3 Qd5a5
9.Qd1c2 Ng8f6
10.Ra1b1 c6
11.Bf1d3 Nb8d7
12.Bc1f4 { resign }
1-0

[Event "Tourn. n8940"]
[Site "www.chess-mail.com"]
[Date "2016.10.11"]
[Round "1"]
[White "Fabos12"]
[Black "Numanoid"]
[WhiteElo "2000"]
[BlackElo "2280"]
[Result "0-1"]
[Round "1"]
1.Ng1f3 d5
2.d4 Ng8f6
3.c4 dxc4
4.Nb1c3 a6
5.e4 b5
6.a3 e6
7.Bc1g5 Bc8b7
8.Bg5h4 Bf8e7
9.Bh4xf6 Be7xf6
10.e5 Bf6e7
11.Bf1e2 Nb8d7
12.d5 exd5
13.Nc3xd5 Nd7c5
14.Nd5xe7 Qd8xd1
15.Ra1xd1 Kxe7
16.O-O Ra8d8
17.Nf3d4 Rh8e8
18.Nd4f5 Kf8
19.f4 Bb7e4
20.Nf5d4 Nc5a4
21.Rd1d2 c5
22.Nd4f3 Be4xf3
23.Rd2xd8 Re8xd8
24.Be2xf3 Na4xb2
25.Bf3c6 c3
26.Rf1c1 Rd8d1
27.Rc1xd1 Nb2xd1
28.Bc6e4 Nd1e3
29.Kf2 c2
30.Be4xc2 Ne3xc2
{ resign }
0-1

[Event "Tourn. n8964"]
[Site "www.chess-mail.com"]
[Date "2016.10.11"]
[Round "1"]
[White "4m6az"]
[Black "Sundar"]
[WhiteElo "2040"]
[BlackElo "2180"]
[Result "0-1"]
[Round "1"]
1.e3 d5
2.d4 c6
3.b4 e6
4.Bc1d2 f5
5.Bf1e2 Ng8f6
6.h3 b5
7.a4 Qd8b6
8.axb5 cxb5
9.Ra1a5 Bc8d7
10.Nb1a3 Nf6e4
11.Na3xb5 Ne4xd2
12.Qd1xd2 a6
13.Qd2c3 Nb8c6
14.Ra5a4 Ra8c8
15.Ra4xa6 Qb6b8
16.Qc3b2 Nc6xb4
17.c3 Nb4xa6
18.Ng1f3 Bf8e7
 { time }
0-1

[Event "Match"]
[Site "www.echecsemail.com"]
[Date "2016.10.11"]
[Round "1"]
[White "Susov"]
[Black "Gambitmiau"]
[WhiteElo "1900"]
[BlackElo "1900"]
[Result "0-1"]
[Round "1"]
1.e4 Nb8c6
2.d4 d5
3.e5 Bc8f5
4.Bf1b5 Qd8d7
5.Qd1f3 Bf5xc2
6.Nb1c3 e6
7.Ng1e2 a6
8.Bb5d3 Nc6b4
9.Ne2f4 Nb4xd3
10.Nf4xd3 O-O-O
11.Nd3c5 Bf8xc5
12.dxc5 Bc2f5
13.Bc1f4 Qd7c6
14.O-O Bf5e4
15.Nc3xe4 dxe4
16.Qf3c3 f5
17.exf6 Ng8xf6
18.Bf4e5 Rh8f8
19.Be5xf6 gxf6
20.Qc3e3 Rd8d3
21.Qe3h6 Qc6xc5
22.Ra1c1 Qc5e7
23.Rc1c4 Rf8d8
24.Qh6c1 f5
25.Qc1c2 Qe7f6
26.Rc4xc7 Kb8
27.Rf1c1 Rd3d1
28.Rc1xd1 Rd8xd1
29.Qc2xd1 Kxc7
30.Qd1c2 Kb8
31.h3 Qf6d4
32.Qc2c3 Qd4xc3
33.bxc3 b5
34.Kf1 Kc7
35.Ke2 Kd6
36.Ke3 Kc5
37.Kd2 Kc4
38.h4 h5
39.g3 a5
40.Kc2 e5
41.Kd2 f4
42.gxf4 exf4
43.Kc2 e3
44.fxe3 fxe3
{ resign }
0-1

[Event "Match"]
[Site "www.echecsemail.com"]
[Date "2016.10.11"]
[Round "1"]
[White "Pellix84"]
[Black "Roohbakhsh"]
[WhiteElo "1950"]
[BlackElo "1499"]
[Result "0-1"]
[Round "1"]
1.Ng1f3 c5
2.g3 d5
3.c4 d4
4.d3 Nb8c6
5.Bf1g2 e5
6.Nb1d2 Ng8f6
7.O-O Bf8d6
8.b3 O-O
9.Bc1a3 Bc8f5
10.Nf3h4 Bf5d7
11.e3 dxe3
12.fxe3 Bd7g4
13.Nh4f3 Rf8e8
14.h3 Bg4f5
15.e4 Bf5e6
16.Rf1f2 Nc6d4
17.Nf3xd4 exd4
18.Nd2f1 Qd8c7
19.Ba3c1 Bd6xg3
20.Nf1xg3 Qc7xg3
21.Bc1f4 Qg3g6
22.Qd1f3 Nf6h5
23.Bf4h2 Nh5f6
24.Kh1 Nf6d7
25.Ra1g1 Qg6f6
26.Qf3e2 Qf6e7
27.h4 Qe7xh4
28.Rf2f4 Qh4g5
29.Bg2h3 Qg5e7
30.Qe2g2 g6
31.Bh3f5 Be6xf5
32.exf5 Qe7e2
33.Qg2xb7 Nd7e5
34.fxg6 hxg6
35.Rf4f6 Ra8b8
36.Qb7d5 Rb8d8
37.Qd5b7 Rd8d7
38.Qb7b5 Ne5f3
39.Bh2g3 Kg7
40.Rf6f4 Re8h8
{ resign }
0-1

[Event "Match"]
[Site "www.echecsemail.com"]
[Date "2016.10.11"]
[Round "1"]
[White "Manuelito"]
[Black "Roohbakhsh"]
[WhiteElo "1599"]
[BlackElo "1499"]
[Result "0-1"]
[Round "1"]
1.d4 Ng8f6
2.e3 d5
3.Ng1f3 c5
4.Bf1e2 e6
5.dxc5 Bf8xc5
6.O-O O-O
7.c4 Nb8c6
8.Nb1c3 a6
9.a3 d4
10.Nf3xd4 Nc6xd4
11.exd4 Bc5xd4
12.Qd1c2 Qd8c7
13.Rf1d1 Qc7b6
14.Rd1f1 Bc8d7
15.Nc3e4 Bd7c6
16.Ne4xf6 Bd4xf6
17.Ra1b1 Ra8d8
18.b4 Rd8d7
19.c5 Qb6c7
20.Bc1b2 Bf6xb2
21.Rb1xb2 Rf8d8
22.Rf1d1 g6
23.Rd1xd7 Qc7xd7
24.Rb2b1 f5
25.Rb1d1 Qd7e8
26.Rd1xd8 Qe8xd8
27.Be2c4 Bc6d5
28.h3 Qd8f6
29.Bc4xd5 exd5
30.Kf1 Qf6a1
31.Ke2 Qa1xa3
32.Qc2b1 Qa3c3
33.f3 Kf7
34.g4 f4
35.Qb1d3 Qc3c4
36.Qd3xc4 dxc4
37.Kd2 Ke6
38.Kc3 Kd5
39.h4 h6
40.h5 g5
41.Kc2 Kd4
42.Kd2 c3
43.Kc2 Kc4
44.Kc1 Kb3
45.Kb1 c2
46.Kc1 Kxb4
47.Kxc2 Kxc5
48.Kd3 b5
49.Ke4 b4
50.Kf5 b3
51.Kg6 b2
{ resign }
0-1

[Event "Match"]
[Site "www.echecsemail.com"]
[Date "2016.10.11"]
[Round "1"]
[White "Pariolinius"]
[Black "Gilliere"]
[WhiteElo "1770"]
[BlackElo "2050"]
[Result "0-1"]
[Round "1"]
1.d4 Ng8f6
2.Ng1f3 g6
3.c4 Bf8g7
4.Nb1c3 d6
5.e4 O-O
6.Bf1e2 e5
7.d5 Nb8d7
8.b4 b6
9.O-O Bc8b7
10.Qd1c2 a5
11.b5 Nd7c5
12.h3 Bb7c8
13.Bc1g5 h6
14.Bg5h4 g5
15.Bh4g3 g4
16.hxg4 Bc8xg4
17.Nc3a4 Nc5xe4
18.Bg3h2 Bg4xf3
19.Be2xf3 Ne4g5
20.Bf3e2 Nf6h7
21.Rf1e1 e4
22.Ra1b1 f5
23.Na4c3 Bg7xc3
24.Qc2xc3 Qd8f6
25.Qc3d2 Rf8e8
26.Be2h5 Re8e7
27.f4 Ng5f7
28.Qd2f2 Kh8
29.Bh2g3 Re7e8
30.Bg3h4 Qf6g7
31.Rb1b3 Nh7f6
32.Rb3g3 Nf6g4
33.Bh5xg4 fxg4
34.Qf2e2 Qg7d4
35.Kh1 h5
36.Re1d1 Qd4c5
37.Qe2b2 Kg8
38.Qb2f6 Qc5xc4
39.Qf6g6 Kf8
40.Qg6xh5 e3
41.Rg3xg4 e2
42.Rd1e1 Qc4d3
43.Qh5g6 Qd3xg6
44.Rg4xg6 Re8e4
45.Rg6e6 Re4xf4
46.Bh4g3 Rf4f1
47.Kh2 Ra8e8
48.Re6xe8 Kxe8
49.Re1xe2 Kd7
50.Re2f2 Rf1xf2
51.Bg3xf2 Nf7g5
52.Bf2h4 Ng5e4
53.g4 Ne4c3
54.g5 Nc3xd5
55.Kg3 Ke8
56.Kg4 Kf7
57.Bh4f2 Nd5c3
58.a3 Nc3xb5
59.a4 Nb5c3
60.Kf5 Nc3xa4
61.g6 Kg8
62.Bf2d4 Na4c5
63.Kf6 a4
64.g7 b5
65.Ke7 a3
66.Kd8 b4
67.Kxc7 Nc5e6
68.Kxd6 Ne6xd4
69.Kc5 a2
70.Kxb4 a1Q
{ resign }
0-1

[Event "Match"]
[Site "www.echecsemail.com"]
[Date "2016.10.11"]
[Round "1"]
[White "Bojan"]
[Black "Mitja"]
[WhiteElo "1930"]
[BlackElo "1950"]
[Result "0-1"]
[Round "1"]
1.e4 d5
2.exd5 Qd8xd5
3.c4 Qd5e4
4.Ng1e2 Qe4xc4
5.Nb1c3 b6
6.b3 Qc4g4
7.h3 Qg4f5
8.g4 Qf5f6
9.Bf1g2 c6
10.Bc1b2 Bc8b7
11.Qd1c2 Qf6d6
12.Nc3e4 Qd6d7
13.Ne4g3 c5
14.f3 Nb8a6
15.a3 h6
16.d4 Ra8c8
17.Ra1d1 cxd4
18.Qc2d3 e5
19.Ng3e4 Ng8e7
20.Ne2g3 Ne7g6
21.Ng3h5 Bb7xe4
22.fxe4 Na6c5
23.Qd3f3 Nc5e6
24.Kd2 Bf8e7
25.b4 Be7g5
26.Ke1 Ng6h4
27.Qf3e2 Nh4xg2
28.Qe2xg2 g6
29.Nh5g3 Ne6f4
30.Qg2f2 Qd7b5
31.Qf2f3 O-O
32.h4 Bg5f6
33.Rh1h2 Rc8c6
34.Qf3b3 Rc6c7
35.a4 Qb5d7
36.Rd1d2 Qd7xg4
37.Ng3e2 Bf6xh4
38.Kf1 Bh4g5
39.Ne2g3 Rf8c8
40.Qb3a3 Kg7
41.Qa3b3 Rc7c4
42.Ng3e2 Nf4xe2
43.Rd2xe2 Bg5c1
44.Rh2g2 Qg4f4
45.Rg2f2 Qf4h4
46.Rf2h2 Qh4f4
47.Rh2f2 Qf4h4
48.Rf2h2 Qh4e7
49.b5 Bc1xb2
50.Re2xb2 Rc4c1
51.Ke2 Qe7g5
52.Rh2f2 Rc8c7
53.a5 Rc1c3
54.Qb3d5 Qg5e3
55.Kf1 Rc3c1
56.Kg2 Qe3g5
57.Kf3 Rc7c3
{ resign }
0-1

[Event "Fast Game"]
[Site "www.echecsemail.com"]
[Date "2016.10.11"]
[Round "1"]
[White "Sandokam"]
[Black "Fkarpov"]
[WhiteElo "1950"]
[BlackElo "1920"]
[Result "1-0"]
[Round "1"]
1.e4 e5
2.Ng1f3 Ng8f6
3.Nb1c3 Bf8b4
4.d3 d6
5.Bc1d2 Bc8g4
6.h3 Bg4xf3
7.Qd1xf3 Nb8c6
8.a3 Nc6d4
9.Qf3d1 Bb4a5
10.b4 Ba5b6
11.Nc3a4 O-O
12.Na4xb6 cxb6
13.c3 Nd4c6
14.Bd2g5 h6
15.Bg5h4 g5
16.Bh4g3 a6
17.Bf1e2 Qd8c8
18.O-O Nc6e7
19.c4 Qc8d8
20.Qd1d2 Ne7g6
21.f3 Ng6f4
22.Be2d1 Nf6h5
23.Bg3f2 f5
24.Kh2 Ra8c8
25.g3 Nf4g6
26.exf5 Ng6e7
27.g4 Nh5f4
28.Bf2e3 d5
29.Be3xf4 exf4
30.Qd2a2 dxc4
31.dxc4 Rf8f7
32.Bd1b3 Kf8
33.Ra1d1 Qd8c7
34.c5 Rf7f6
35.cxb6 Qc7xb6
36.Bb3e6 Rc8d8
37.Qa2b2 Kg7
38.Rd1xd8 Qb6xd8
39.Rf1f2 Ne7c6
40.Rf2d2 Qd8f8
41.Rd2d7 Kh8
42.Rd7f7 { resign }
1-0

[Event "Tourn. n8921"]
[Site "www.chess-mail.com"]
[Date "2016.10.12"]
[Round "1"]
[White "Senitram"]
[Black "Krystek23"]
[WhiteElo "2720"]
[BlackElo "2320"]
[Result "1-0"]
[Round "1"]
1.Ng1f3 Ng8f6
2.d4 h6
3.Nb1c3 d5
4.Bc1f4 Bc8f5
5.e3 e6
6.Bf1d3 Bf5g4
7.h3 Bg4xf3
8.Qd1xf3 c6
9.O-O a6
10.e4 Nb8d7
11.Ra1e1 Bf8e7
12.e5 Nf6g8
13.Nc3e2 g6
14.c4 dxc4
15.Bd3xc4 a5
16.Qf3e4 Nd7b6
17.Bc4xe6 fxe6
18.Qe4xg6 Kf8
19.Qg6xe6 Qd8d5
20.Qe6f5 Qd5f7
21.Qf5d3 Nb6d5
22.Bf4d2 Nd5b4
23.Qd3e4 Qf7d5
24.Qe4g4 h5
25.Qg4g3 h4
26.Qg3g4 Ng8h6
27.Qg4g6 Qd5f7
28.Bd2xh6 Ke8
29.Qg6xf7 Kxf7
30.Bh6f4 Nb4xa2
31.e6 Ke8
32.Bf4e5 Rh8f8
33.f4 Na2b4
34.f5 Be7g5
35.Ne2c3 Nb4c2
36.Nc3e4 Bg5e3
37.Kh2 Nc2xe1
38.f6 Be3d2
39.Ne4xd2 Ne1d3
40.Be5d6 Ra8d8
41.Bd6xf8 Nd3e5
42.dxe5 Rd8xd2
43.Bf8d6 { resign }
1-0

[Event "Tourn. n8934"]
[Site "www.chess-mail.com"]
[Date "2016.10.12"]
[Round "1"]
[White "Falcoale"]
[Black "Azulmarino"]
[WhiteElo "1520"]
[BlackElo "1660"]
[Result "1-0"]
[Round "1"]
1.e4 e5
2.Ng1f3 Nb8c6
3.d4 Ng8f6
4.Nb1c3 Bf8b4
5.a3 Bb4d6
6.Bf1e2 Nf6g4
7.dxe5 Bd6xe5
8.Nf3xe5 Ng4xe5
9.f4 Ne5g6
10.O-O Qd8h4
11.f5 Ng6e5
12.Nc3d5 Qh4xe4
13.Nd5xc7 Kd8
14.Nc7xa8 f6
15.Be2f3 Qe4xf5
16.Bf3xc6 Qf5e6
17.Bc6d5 Qe6g4
18.Qd1d2 b6
19.Qd2c3 Ke7
20.Na8c7 Bc8a6
21.Nc7xa6 Ne5g6
22.Bc1f4 Ng6xf4
23.Qc3e3 Kd6
24.Rf1xf4 Qg4g5
25.Ra1d1 Qg5g6
26.Bd5e4 { resign }
1-0

[Event "Tourn. n8920"]
[Site "www.chess-mail.com"]
[Date "2016.10.12"]
[Round "1"]
[White "Ztornad"]
[Black "Francesco"]
[WhiteElo "1820"]
[BlackElo "1970"]
[Result "1-0"]
[Round "1"]
1.e4 c6
2.Ng1e2 d5
3.e5 Bc8g4
4.f3 Bg4f5
5.Ne2d4 Bf5g6
6.Bf1d3 Bg6xd3
7.cxd3 e6
8.b3 Nb8d7
9.Nb1c3 c5
10.Nd4b5 a6
11.Nb5d6 Bf8xd6
12.exd6 Nd7e5
13.Qd1e2 Qd8xd6
14.a4 Ng8f6
15.Bc1a3 Qd6b6
16.Ra1b1 O-O
17.Qe2xe5 Nf6d7
18.Qe5g3 Nd7f6
19.b4 cxb4
20.Rb1xb4 Qb6c6
21.h4 Nf6h5
22.Qg3g5 Nh5f6
23.h5 Nf6d7
24.Rb4g4 g6
25.hxg6 fxg6
26.Ba3xf8 Ra8xf8
27.Rh1xh7 Kxh7
28.Qg5e7 Kg8
29.Rg4xg6 Kh8
30.Rg6h6 Kg8
31.Qe7h7 
1-0

[Event "Tourn. n8913"]
[Site "www.chess-mail.com"]
[Date "2016.10.12"]
[Round "1"]
[White "Caspito"]
[Black "Neo"]
[WhiteElo "1900"]
[BlackElo "1680"]
[Result "1-0"]
[Round "1"]
1.e4 e6
2.e5 d5
3.d4 c6
4.Ng1f3 g6
5.Bf1d3 Bf8g7
6.O-O Ng8e7
7.Bc1g5 O-O
8.Nb1c3 Qd8c7
9.Nc3a4 b5
10.Na4c5 Ne7f5
11.b3 a5
12.c3 Nb8a6
13.Bg5f6 Bg7xf6
14.exf6 Na6xc5
15.Nf3e5 Nc5xd3
16.Qd1xd3 Bc8a6
17.b4 axb4
18.cxb4 Ba6b7
19.a3 Bb7c8
20.g4 Nf5h6
21.f3 Bc8b7
22.h3 Kh8
23.Qd3e3 Nh6g8
24.g5 h5
25.gxh6 Kh7
26.Ra1a2 Ng8xf6
27.Ra2g2 Rf8g8
28.h4 Nf6h5
29.Kf2 Qc7b6
30.Ne5xf7 Qb6c7
31.Nf7e5 Ra8f8
32.Rf1g1 Nh5f4
33.Rg2g3 Kxh6
34.Rg3g4 Qc7h7
35.Rg4xf4 Rf8xf4
36.Qe3xf4 Kg7
37.Qf4f7 Kh8
38.Qf7f6 Qh7g7
39.Qf6g5 Qg7h7
40.f4 Rg8g7
41.Ne5xg6 Kg8
42.Qg5d8 Kf7
43.Qd8e7 Kg8
44.Qe7f8 
1-0

[Event "Tourn. n8925"]
[Site "www.chess-mail.com"]
[Date "2016.10.12"]
[Round "1"]
[White "Picifarkinca"]
[Black "Gilliere"]
[WhiteElo "1980"]
[BlackElo "2050"]
[Result "1-0"]
[Round "1"]
1.e4 c5
2.Ng1f3 d6
3.Bf1b5 Bc8d7
4.a4 a6
5.Bb5f1 e5
6.c3 Ng8f6
7.Qd1c2 Nb8c6
8.Bf1e2 Bf8e7
9.O-O h6
10.Rf1d1 O-O
11.d4 cxd4
12.cxd4 exd4
13.Nf3xd4 Rf8e8
14.Nb1c3 Nc6xd4
15.Rd1xd4 Bd7c6
16.Nc3d5 Bc6xd5
17.exd5 Ra8c8
18.Qc2d1 Nf6h7
19.Bc1e3 Be7f6
20.Rd4d2 Bf6g5
21.Be3xg5 Nh7xg5
22.Be2g4 Rc8c4
23.Rd2d4 Rc4xd4
24.Qd1xd4 Re8e4
25.Qd4d1 Qd8f6
26.Qd1c2 Re4xg4
27.Qc2c8 Kh7
28.Qc8xg4 Qf6xb2
29.Ra1d1 Qb2b3
30.Qg4d4 f6
31.Qd4d3 Qb3xd3
32.Rd1xd3 Ng5f7
33.f4 f5
34.Rd3b3 Nf7d8
35.h4 Kg6
36.g3 Kf6
37.Rb3b6 Ke7
38.Kf2 Kd7
39.a5 Ke7
40.Kf3 g6
41.g4 fxg4
42.Kxg4 Kd7
43.h5 gxh5
44.Kxh5 Kc7
45.Kxh6 Nd8f7
46.Kg7 Nf7d8
47.Kf8 Kd7
48.f5 Kc7
49.Ke8 Kc8
50.Rb6xd6 b5
51.Rd6xd8 { resign }
1-0

[Event "Tourn. n8857"]
[Site "www.chess-mail.com"]
[Date "2016.10.12"]
[Round "1"]
[White "Kampungboy"]
[Black "Gearoidmac"]
[WhiteElo "2190"]
[BlackElo "2240"]
[Result "1-0"]
[Round "1"]
1.e4 e6
2.d4 d5
3.Nb1c3 Bf8b4
4.e5 c5
5.a3 Bb4xc3
6.bxc3 Ng8e7
7.Qd1g4 Qd8c7
8.Qg4xg7 Rh8g8
9.Qg7xh7 cxd4
10.Ng1e2 Nb8c6
11.f4 Bc8d7
12.h4 dxc3
13.h5 O-O-O
14.Qh7d3 Ne7f5
15.Qd3xc3 Kb8
16.Ra1b1 d4
17.Qc3c4 Rg8g7
18.c3 dxc3
19.Ne2xc3 Bd7c8
20.Rh1h3 Rd8d4
21.Qc4e2 Rd4d8
22.Nc3b5 Qc7b6
23.Qe2e4 Nf5g3
24.Qe4e3 Qb6xe3
25.Bc1xe3 Ng3xf1
26.Kxf1 Rd8g8
27.h6 Rg7h7
28.Be3c5 b6
29.Bc5d6 Kb7
30.Kf2 a6
31.Nb5c3 Rg8g6
32.Rb1h1 Nc6d4
33.Nc3e4 Nd4f5
34.Rh1c1 a5
35.Rc1c7 Ka6
36.Rc7xc8 Rg6xh6
37.Rh3b3 { resign }
1-0

[Event "Tourn. n8943"]
[Site "www.chess-mail.com"]
[Date "2016.10.12"]
[Round "1"]
[White "Bigrezi"]
[Black "4m6az"]
[WhiteElo "1850"]
[BlackElo "1809"]
[Result "1-0"]
[Round "1"]
1.e4 e5
2.Ng1f3 Nb8c6
3.d4 Bf8b4
4.Bc1d2 Bb4xd2
5.Nb1xd2 exd4
6.Nd2b3 Qd8f6
7.Nb3xd4 Ng8e7
8.c3 Qf6f4
9.Qd1d3 Nc6xd4
10.Nf3xd4 c6
11.Bf1e2 O-O
12.O-O a6
13.Ra1d1 c5
14.Nd4f3 Ne7g6
15.Nf3d2 Ng6e5
16.Qd3c2 b5
17.c4 d6
18.f3 b4
19.b3 g6
20.Rf1f2 f5
21.exf5 Bc8xf5
22.Qc2c1 Bf5d3
23.Rd1e1  { time }
1-0

[Event "Tourn. n8989"]
[Site "www.chess-mail.com"]
[Date "2016.10.12"]
[Round "1"]
[White "Genius5"]
[Black "Manuelito"]
[WhiteElo "1620"]
[BlackElo "1499"]
[Result "0-1"]
[Round "1"]
1.e4 e5
2.Nb1c3 d6
3.Bf1c4 Nb8c6
4.d3 f6
5.Ng1f3 Ng8e7
6.O-O Ne7g6
7.Rf1e1 Nc6a5
8.Bc4b3 { time. }
0-1

[Event "Tourn. n8947"]
[Site "www.chess-mail.com"]
[Date "2016.10.12"]
[Round "1"]
[White "Picifarkinca"]
[Black "4m6az"]
[WhiteElo "2040"]
[BlackElo "1809"]
[Result "1-0"]
[Round "1"]
1.e4 e5
2.Ng1f3 Nb8c6
3.Bf1e2 Bf8c5
4.d3 Nc6d4
5.Nf3xe5 d6
6.Ne5f3 Nd4xf3
7.Be2xf3 Qd8h4
8.O-O h5
9.Qd1e2 Bc8g4
10.Bc1e3 Bc5b4
11.c3 Bb4a5
12.Nb1d2 f5
13.Nd2c4 Ba5b6
14.Nc4xb6 axb6
15.Be3f4 O-O-O
16.Bf4g3 Qh4g5
17.h3 Bg4xh3
18.Kh2 Bh3g4
19.Rf1h1 h4
20.Kg1 Ng8f6
21.Bg3h2 fxe4
22.Bf3xg4 Nf6xg4
23.dxe4 Ng4xh2
24.Rh1xh2 Rd8e8
25.Rh2h3 d5
26.Ra1e1 dxe4
27.Qe2e3 Qg5g4
28.Rh3h2 g5
29.Qe3e2 Qg4f5
30.Qe2e3  { time }
1-0

[Event "Tourn. n8982"]
[Site "www.chess-mail.com"]
[Date "2016.10.12"]
[Round "1"]
[White "Luban"]
[Black "Bojan"]
[WhiteElo "1990"]
[BlackElo "1930"]
[Result "0-1"]
[Round "1"]
1.d4 g6
2.c4 d5
3.e3 Bc8f5
4.Nb1c3 Ng8f6
5.h3 c6
6.Ng1f3 Nb8d7
7.Bf1d3 Nf6e4
8.cxd5 Ne4xc3
9.bxc3 Bf5xd3
10.Qd1xd3 cxd5
11.O-O Nd7b6
12.e4 e6
13.e5 f6
14.Rf1e1 f5
15.Qd3b5 Qd8d7
16.Qb5xd7 Kxd7
17.Bc1g5 h6
18.Bg5f6 Rh8h7
19.Nf3d2 Nb6a4
20.c4 Bf8b4
21.Re1d1 Na4c3
22.Rd1b1 Nc3xb1
23.Ra1xb1 Bb4a5
24.Rb1xb7 Ba5c7
25.cxd5 exd5
26.Nd2b3 a5
27.Nb3c5 Kc6
28.e6 Ra8e8
29.Bf6e5 Bc7xe5
30.Rb7xh7 Be5xd4
31.Nc5b3 Bd4b6
32.Kf1 Re8xe6
33.Rh7xh6 a4
34.Nb3d2 d4
35.Rh6h8 Bb6a5
36.Nd2f3 Kc5
37.Rh8c8 Kd5
38.Rc8c1 d3
39.Rc1d1 Kc4
40.Nf3e1 Re6d6
41.f4 d2
42.Ne1f3 Kc3
43.Ke2 Kc2
44.Nf3e5 Rd6e6
45.Rd1f1 Ba5c3
{ resign }
0-1

[Event "Tourn. n8909"]
[Site "www.chess-mail.com"]
[Date "2016.10.12"]
[Round "1"]
[White "Gimmyg"]
[Black "Faerieking"]
[WhiteElo "2520"]
[BlackElo "2230"]
[Result "1-0"]
[Round "1"]
1.Ng1f3 d5
2.g3 Ng8f6
3.Bf1g2 g6
4.O-O Bf8g7
5.d3 O-O
6.Nb1d2 c5
7.e4 dxe4
8.Nd2xe4 Nf6xe4
9.dxe4 Nb8c6
10.c3 Qd8c7
11.Bc1f4 e5
12.Bf4e3 b6
13.Qd1e2 Bc8b7
14.Rf1d1 Ra8d8
15.Ra1c1 Rd8xd1
16.Rc1xd1 Rf8d8
17.Rd1xd8 Qc7xd8
18.Bg2f1 Qd8d6
19.Qe2d2 Qd6xd2
20.Nf3xd2 Kf8
21.f3 Ke7
22.Kf2 f5
23.Bf1d3 Kf6
24.h4 h6
25.h5 fxe4
26.Nd2xe4 { resign }
1-0

[Event "Tourn. n8952"]
[Site "www.chess-mail.com"]
[Date "2016.10.12"]
[Round "1"]
[White "Vasylpuzanov"]
[Black "Ditto"]
[WhiteElo "1780"]
[BlackElo "1850"]
[Result "1-0"]
[Round "1"]
1.e4 e5
2.Ng1f3 Nb8c6
3.Bf1c4 Ng8f6
4.d3 Bf8c5
5.O-O O-O
6.Bc1g5 d6
7.Nb1c3 Bc8g4
8.h3 Bg4d7
9.Nc3d5 h6
10.Nd5xf6 gxf6
11.Bg5xh6 Rf8e8
12.Nf3h4 Nc6e7
13.Qd1h5 b5
14.Qh5xf7 { resign }
1-0

[Event "Tourn. n8923"]
[Site "www.chess-mail.com"]
[Date "2016.10.12"]
[Round "1"]
[White "Liencam2"]
[Black "Numanoid"]
[WhiteElo "2290"]
[BlackElo "2280"]
[Result "1/2-1/2"]
[Round "1"]
1.e4 e6
2.Qd1e2 c5
3.Ng1f3 Nb8c6
4.g3 g6
5.Nb1a3 Bf8g7
6.Na3b5 d6
7.Qe2d3 Nc6b4
8.Qd3xd6 Qd8xd6
9.Nb5xd6 Ke7
10.Nd6xc8 Ra8xc8
11.Kd1 Ng8f6
12.c3 Nf6xe4
13.cxb4 Ne4xf2
14.Ke1 Nf2xh1
15.Bf1g2 cxb4
16.Bg2xh1 Rc8c2
17.d4 Rh8c8
18.Kd1 Rc2f2
19.Nf3e1 Rf2xh2
20.Bh1xb7 Rc8c4
21.Bc1e3 Rh2xb2
22.Bb7a6 Rc4c6
23.Ba6b5 Rc6d6
24.Ne1c2 b3
25.axb3 Rb2xb3
26.Ra1xa7 Kd8
27.Ra7a8 Kc7
28.Bb5a4 Rb3xe3
29.Nc2xe3 Bg7xd4
30.Ke2 Rd6d8
31.Ra8a6 Rd8d6
32.Ra6a8 Rd6d8
33.Ra8a6 { draw }
1/2-1/2

[Event "Tourn. n8943"]
[Site "www.chess-mail.com"]
[Date "2016.10.12"]
[Round "1"]
[White "Picifarkinca"]
[Black "Bigrezi"]
[WhiteElo "2020"]
[BlackElo "1850"]
[Result "1-0"]
[Round "1"]
1.e4 c5
2.Ng1f3 d6
3.Bf1b5 Nb8c6
4.O-O Bc8d7
5.Rf1e1 Ng8f6
6.d4 cxd4
7.Nf3xd4 Nc6xd4
8.Bb5xd7 Qd8xd7
9.Qd1xd4 e6
10.Nb1c3 Bf8e7
11.Bc1g5 O-O
12.Ra1d1 Rf8d8
13.e5 dxe5
14.Qd4xd7 Rd8xd7
15.Rd1xd7 Kf8
16.Rd7xb7 Ke8
17.Re1xe5 h6
18.Bg5xf6 Be7xf6
19.Re5e3 Bf6d4
20.Re3d3 Bd4b6
21.Rd3d7 Ra8d8
22.Rd7e7 Kf8
23.Re7xf7 Kg8
24.Rf7xg7 Kh8
25.Rg7d7 Rd8xd7
26.Rb7xd7 e5
27.Nc3e4 Bb6d4
28.Rd7xd4 exd4
29.Kf1 { resign }
1-0

[Event "Tourn. n8898"]
[Site "www.chess-mail.com"]
[Date "2016.10.12"]
[Round "1"]
[White "Falcoale"]
[Black "Zeksky"]
[WhiteElo "1460"]
[BlackElo "1499"]
[Result "0-1"]
[Round "1"]
1.e4 e5
2.Ng1f3 Nb8c6
3.d4 exd4
4.Nf3xd4 Nc6xd4
5.Qd1xd4 b6
6.Nb1c3 Bc8b7
7.Bc1f4 Bf8c5
8.Qd4xg7 Qd8f6
9.Qg7xf6 Ng8xf6
10.Bf4xc7 Nf6xe4
11.Nc3xe4 Bb7xe4
12.O-O-O Be4f5
13.Bf1b5 Ra8c8
14.Bc7e5 Rh8g8
15.Bb5d3 Bf5xd3
16.Rd1xd3 Rg8xg2
17.Rh1e1 Kf8
18.Rd3xd7 a6
19.f4 Rg2xh2
20.f5 Rh2f2
21.f6 Rc8e8
22.Be5d6 Bc5xd6
23.Re1xe8 Kxe8
24.Rd7a7 a5
25.Ra7a8 Kd7
26.Ra8h8 Rf2h2
27.Rh8a8 h6
28.Ra8a7 Ke6
29.c3 Rh2f2
30.Ra7a6 Bd6c5
31.b4 axb4
32.cxb4 Bc5e3
33.Kb1 Kxf6
34.a4 Kg5
35.Ra6a7 b5
36.Ra7a8 bxa4
37.Ra8xa4 Rf2f4
38.Ra4a5 f5
39.b5 Be3b6
40.Ra5a6 Rf4b4
41.Kc2 Rb4xb5
42.Kc3 Bb6e3
43.Kd3 f4
44.Ke2 h5
45.Ra6a8 Kg4
46.Ra8g8 Rb5g5
{ resign }
0-1

[Event "Tourn. n9003"]
[Site "www.chess-mail.com"]
[Date "2016.10.12"]
[Round "1"]
[White "Prize640"]
[Black "Norlavuaram"]
[WhiteElo "2159"]
[BlackElo "2220"]
[Result "1/2-1/2"]
[Round "1"]
1.e4 e5
2.Bf1c4 Ng8f6
3.d3 Nb8c6
4.Ng1f3 Bf8e7
5.c3 O-O
6.O-O d5
7.exd5 Nf6xd5
8.Rf1e1 Be7f6
9.Nb1d2 a6
10.Nd2f1 Rf8e8
11.Nf1g3 b5
12.Bc4b3 Bc8b7
13.Ng3e4 Bf6e7
{ draw }
1/2-1/2

[Event "Tourn. n8941"]
[Site "www.chess-mail.com"]
[Date "2016.10.12"]
[Round "1"]
[White "Andychesston"]
[Black "4m6az"]
[WhiteElo "1960"]
[BlackElo "1809"]
[Result "1-0"]
[Round "1"]
1.e4 e5
2.Ng1f3 Bf8d6
3.d4 Qd8f6
4.Nb1c3 h6
5.Nc3d5 Qf6e6
6.Bf1c4 Qe6g6
7.O-O c6
8.Nd5e3 Qg6xe4
9.dxe5 Bd6xe5
10.Rf1e1 Ng8e7
11.Bc4d3 Be5xh2
12.Nf3xh2 Qe4h4
13.Ne3f5 Qh4b4
14.Bc1d2 Qb4xb2
15.Re1xe7  { time }
1-0

[Event "Tourn. n8943"]
[Site "www.chess-mail.com"]
[Date "2016.10.12"]
[Round "1"]
[White "4m6az"]
[Black "Andychesston"]
[WhiteElo "1809"]
[BlackElo "1950"]
[Result "0-1"]
[Round "1"]
1.c4 e5
2.Ng1f3 Nb8c6
3.e3 Ng8f6
4.Qd1c2 d6
5.d3 Bf8e7
6.h3 Bc8f5
7.g4 e4
8.gxf5 exf3
9.Bc1d2 Qd8d7
10.d4 d5
11.a4 O-O
12.c5 Nf6e4
13.Bf1b5 a6
14.Bb5xc6 bxc6
 { time }
0-1

[Event "Tourn. n8982"]
[Site "www.chess-mail.com"]
[Date "2016.10.12"]
[Round "1"]
[White "Estonia"]
[Black "Mitja"]
[WhiteElo "2060"]
[BlackElo "1950"]
[Result "0-1"]
[Round "1"]
1.e4 d5
2.exd5 Qd8xd5
3.Ng1f3 Qd5d8
4.d4 e6
5.c4 c6
6.Nb1c3 h6
7.Bf1e2 Ng8f6
8.O-O Bf8e7
9.Bc1f4 Be7d6
10.Bf4e5 Bd6xe5
11.Nf3xe5 Nb8d7
12.Qd1c2 Qd8b6
13.a4 Qb6xd4
14.Ne5xd7 Qd4xd7
15.Rf1d1 Qd7c7
16.Nc3e4 Nf6xe4
17.Qc2xe4 O-O
18.Be2d3 g6
19.Qe4h4 Kg7
20.Bd3c2 Qc7e5
21.Ra1b1 b6
22.b4 Bc8b7
23.Qh4e4 Qe5c7
24.Qe4d4 Kh7
25.Qd4f6 c5
26.b5 Ra8d8
27.Rd1xd8 Rf8xd8
28.Rb1f1 Rd8d4
29.Rf1c1 Rd4f4
30.Qf6c3 Rf4h4
31.g3 Rh4d4
32.Rc1e1 Qc7e7
33.a5 Qe7g5
34.a6 Bb7a8
35.Bc2d1 Qg5f5
36.Bd1e2 Qf5e4
37.f3 Qe4f5
38.Kg2 e5
39.Be2d1 e4
40.fxe4 Ba8xe4
41.Re1xe4 Qf5xe4
42.Bd1f3 Qe4e6
43.Bf3d5 Qe6e2
44.Kh3 Qe2f1
45.Bd5g2 Qf1f5
46.g4 Rd4d3
47.Qc3xd3 Qf5xd3
48.Kh4 g5
49.Kh5 Qd3g6
{ resign }
0-1

[Event "Match"]
[Site "www.echecsemail.com"]
[Date "2016.10.12"]
[Round "1"]
[White "Glenno"]
[Black "4m6az"]
[WhiteElo "2400"]
[BlackElo "1989"]
[Result "1-0"]
[Round "1"]
1.e4 e5
2.Ng1f3 Qd8f6
3.Nb1c3 Bf8c5
4.Bf1c4 Nb8c6
5.O-O Ng8e7
6.d3 Nc6d4
7.Nc3a4 Nd4xf3
8.Qd1xf3 Qf6xf3
9.gxf3 Bc5d6
10.Na4c3 c6
11.Nc3e2 b5
12.Bc4b3 h6
13.f4 exf4
14.Bc1xf4 Bd6xf4
15.Ne2xf4 d6
16.d4 a5
17.c3 a4
18.Bb3c2 g5
19.Nf4h5 Bc8h3
20.Nh5f6  { time }
1-0

[Event "Match"]
[Site "www.echecsemail.com"]
[Date "2016.10.12"]
[Round "1"]
[White "Silent1"]
[Black "4m6az"]
[WhiteElo "1860"]
[BlackElo "1809"]
[Result "1-0"]
[Round "1"]
1.d4 d5
2.c4 c6
3.Nb1c3 dxc4
4.e3 Bc8e6
5.Ng1f3 b5
6.Bf1e2 g6
7.a3 Bf8g7
8.Nf3g5 Be6d7
9.O-O h6
10.Ng5e4 Bd7f5
11.Ne4c5 Qd8c7
12.f4 g5
13.Be2h5 Ng8f6
14.Bh5f3 g4
15.Bf3e2 h5
16.Qd1e1 Nb8d7
17.Nc5xd7 Nf6xd7
18.Bc1d2 Nd7f6
19.Nc3a2 Nf6e4
20.Bd2a5 Qc7d7
21.Na2c3 Ne4xc3
22.Ba5xc3 Qd7d5
23.Qe1f2 h4
24.a4 g3
25.hxg3 hxg3
26.Qf2xg3 Bg7f6
27.Qg3e1 Rh8g8
28.Be2f3 Bf5e4
29.Bf3xe4 Qd5xe4
30.Qe1f2 Bf6h4
31.Qf2f3 Qe4e6
32.f5 Qe6d7
33.e4 O-O-O
34.axb5  { time }
1-0